[Event "90th ch-FRA TB 2015"]
[Site "Saint-Quentin FRA"]
[Date "2015.08.20"]
[Round "1"]
[White "Bauer, Christian"]
[Black "Gharamian, Tigran"]
[Result "1/2-1/2"]
[WhiteTitle "GM"]
[BlackTitle "GM"]
[WhiteElo "2618"]
[BlackElo "2644"]
[WhiteFideId "603767"]
[BlackFideId "13301527"]
[EventDate "2015.08.20"]

1. e4 c5 2. Nf3 d6 3. d4 cxd4 4. Nxd4 Nf6 5. Nc3 a6 6. Bg5 Nbd7 7. Qe2 Qa5 8. f4
e5 9. Nb3 Qc7 10. g3 h6 11. Bh4 b5 12. O-O-O Be7 13. Bg2 Nb6 14. fxe5 dxe5 15.
Bxf6 Bxf6 16. Nd5 Nxd5 17. exd5 Qd6 18. Nd4 O-O 19. Nc6 g6 20. Kb1 Bd7 21. g4 e4
22. Qxe4 Rae8 23. Qb4 Qxb4 24. Nxb4 Bxg4 25. Rdf1 Bf5 26. d6 Re6 27. Rd1 Rd8 28.
d7 Re2 29. Bf3 Rf2 30. Bc6 a5 31. Nd3 Re2 32. Rhf1 b4 33. h3 Kg7 34. Rxf5 gxf5
35. Nf4 Rf2 36. Rg1+ Bg5 37. Nd3 Rh2 38. Nc5 Kf8 39. Nb7 Rb8 40. Nxa5 Rxh3 41.
Nc4 Rh4 42. b3 Rd4 43. a3 bxa3 44. Ka2 Rd8 45. Nxa3 R4xd7 46. Bxd7 Rxd7 47. Rf1
f4 48. b4 Ke7 49. Nc4 Ke6 50. b5 Kf5 51. Kb3 Bd8 52. Kb4 Be7+ 53. Ka5 Rc7 54.
Ne3+ Ke4 55. Ng4 Bd8 56. Kb4 Rxc2 57. Nxh6 Be7+ 58. Kb3 Re2 59. Nxf7 f3 60. b6 1/2-1/2